000 00424pab a2200157 454500
008 180718b2004 xxu||||| |||| 00| 0 eng d
100 _aChopra, P.K.
245 _aReshaping management education curriculum: benchmarking on industry expectations
260 _c2004
300 _ap.6-8.
362 _a22 Mar
650 _aManagement education
700 _aMittal, Akhilesh
773 _aUniversity News
909 _a59989
999 _c59989
_d59989